ბათუმის შოთა რუსთაველის სახელმწიფო უნივერსიტეტის ბიბლიოთეკა

Итоговые тесты по русскому языку и культуре речи. (ბიბ.ჩანაწერი № 35062)

000 -LEADER
fixed length control field 00575nam a2200217Ia 4500
001 - CONTROL NUMBER
control field 902
003 - CONTROL NUMBER IDENTIFIER
control field GE_BSU
008 - FIXED-LENGTH DATA ELEMENTS--GENERAL INFORMATION
fixed length control field 181216s||||||||xx |||||||||||||| ||und||
020 ## - INTERNATIONAL STANDARD BOOK NUMBER
International Standard Book Number 5893494482
040 ## - CATALOGING SOURCE
Transcribing agency GE_BSU
080 ## - UNIVERSAL DECIMAL CLASSIFICATION NUMBER
Universal Decimal Classification number 811.161.1(075.8):808.5
100 ## - MAIN ENTRY--PERSONAL NAME
Personal name Жуковская, Е.В.
245 ## - TITLE STATEMENT
Title Итоговые тесты по русскому языку и культуре речи.
245 ## - TITLE STATEMENT
Remainder of title Учебное пособие.
260 ## - PUBLICATION, DISTRIBUTION, ETC.
Place of publication, distribution, etc. Москва
260 ## - PUBLICATION, DISTRIBUTION, ETC.
Name of publisher, distributor, etc. Флинта
260 ## - PUBLICATION, DISTRIBUTION, ETC.
Date of publication, distribution, etc. 2003
300 ## - PHYSICAL DESCRIPTION
Extent 176 с.
942 ## - ADDED ENTRY ELEMENTS (KOHA)
Koha item type წიგნი
ეგზემპლარები
Withdrawn status Lost status Damaged status Not for loan Date acquired Barcode Date last seen Price effective from Koha item type
        2018-12-17 1671 2018-12-17 2018-12-17 წიგნი